000 00607nam a22002057a 4500
999 _c4821
_d4821
003 AR-CdUCM
008 190311b ||||| |||| 00| 0 spa d
040 _aMUNICIPALIDAD PROVINCIAL DEL CUSCO
_cBIBLIOTECA MUNICIPAL DEL CUSCO
082 _a869.56 /
_bP84
100 _aPratz, Gladys María
_914866
245 _aAsí naturalmente como el ave y la pasión /
260 _aLima :
_bDesa,
_c1987.
300 _a264 páginas ;
_c20 cm.
505 _aContenido: Poesías.
650 _aPoesías Peruanas
_914867
650 _aSiglo XX
_98
650 _aLiteratura
_983
942 _2ddc
_cLIBROS
945 _aachl